Quick Pick: 'E' Food Quiz Stats

Quiz Updated Mar 6, 2018

Challenge
Share
Tweet
Embed
Score 0/15 Timer 01:00
1 Play Today
% Correct
eggplant
98.4%
enchilada
96.3%
escargot
95.8%
elderberry
95.5%
eel
94.5%
empanada
89%
edamame
86.3%
egg
84.9%
% Correct
endive
84.3%
éclair
82.5%
edam
75.2%
escarole
69.6%
earthnut
69.5%
entrecôte
55.4%
emmental
51.1%

Today's Daily Dose

Missing 'O' Word in Every Category

On This Day
April 19th II

You're not logged in!

Compare scores with friends on all Sporcle quizzes.
Sign Up with Email
OR
Log In

You Might Also Like...

Show Comments

Extras

Top Quizzes Today


Score Distribution

Your Account Isn't Verified!

In order to create a playlist on Sporcle, you need to verify the email address you used during registration. Go to your Sporcle Settings to finish the process.

Report this User

Report this user for behavior that violates our Community Guidelines.

Details: